| 000 | 00919cam a2200217 4500 | ||
|---|---|---|---|
| 001 | WB3930-14 | ||
| 008 | 030807n2003 000 0 eng u | ||
| 035 | _a(Sirsi) u123220 | ||
| 245 | _aProperty prices on rise again | ||
| 260 | _c2003 | ||
| 490 |
_aHBOS Press Release _v6 August 2003 (4) |
||
| 520 | _aThe Halifax House Price Index for July 2003 shows that house prices rose by 1.3% in July, with annual house price inflation now standing at 19.2%. The Halifax survey also reveals a severe shortage of houses in southeast England and a fall in the number of first-time buyers. www.hbosplc.com/view/housepriceindex/nationalcommentary.asp | ||
| 590 | _aWB | ||
| 650 | _aHOUSE PRICE INFLATION | ||
| 650 | _aHOUSE PRICES | ||
| 650 | _aHOUSING SUPPLY | ||
| 650 | _aFIRST-TIME BUYERS | ||
| 650 | _aHALIFAX HOUSE PRICE INDEX | ||
| 690 | _aPROPERTY-RESIDENTIAL PROPERTY-RESIDENTIAL PROPERTY MARKET | ||
| 942 | _n0 | ||
| 999 |
_c73179 _d73179 |
||